Z badań nad żargonem uczniowskim wrocławskich szkół podstawowych i średnich
| Titel: | Z badań nad żargonem uczniowskim wrocławskich szkół podstawowych i średnich |
|---|---|
| Verfasser: | |
| In: |
Wrocławskie Towarzystwo Naukowe. Komisja Językowa: Rozprawy Komisji Językowej, Band 20 (1994), Seite 97-111 alle Artikel anzeigen |
| Veröffentlicht: | 1994 |
| Format: | Aufsatz |
| Sprache: | Polnisch |
X
alg: 39465795
001A $01999:12-11-16
001B $01999:12-07-19 $t16:13:47.000
001C $06050:19-11-16 $t08:50:35.000
001D $01999:12-11-16
001U $0utf8
001X $00
002@ $0Aox
003@ $0394657950
007A $0394657950 $aHEB
007T $0Herdww003781
010@ $apol
011@ $a1994
021A $aZ badań nad żargonem uczniowskim wrocławskich szkół podstawowych i średnich
027A $aAus der Forschung über den Schülerjargon der Breslauer Grund- und Mittelschulen
028A $aObara $dJerzy
031A $d20 $h97-111 $j1994
039B $aIn $8--Abvc--Wrocławskie Towarzystwo Naukowe$bKomisja Językowa [Tb1]. Rozprawy Komisji Językowej. - Wrocław {[u.a.] : Państw. Wydawn. Naukowe, 1959-2015. - ISSN 0084-2990 $x199400000200000903 $9047286199
045T $a7,11 $a7,39
045T $aLING $qDE-30 $2FID
046B $aParallelt.: Aus der Forschung über den Schülerjargon der Breslauer Grund- und Mittelschulen
lok: 39465795 78
exp: 39465795 78 1 #EPN
201B/01 $020-11-17 $t23:23:38.000
201U/01 $0utf8
203@/01 $0790768445
208@/01 $a12-11-16 $be
209A/01 $a/ $f000 $x00
220C/01 $aTitelaufnehmer: AH
220C/01 $aHerkunft: IH UWr
244Z/01 $2Trx $#Silesia $#Śląsk $#Sliezsko $#Slezsko $8--Trx--Schlesien $x01 $9391173987
244Z/01 $#Breslau $#Wrocław $#Wrotizla $#Breßlau $#Breßlaw $#Vroclav $#Vratislav $#Vratislavia $#Vratislauiae $#Bresslau $#Wratislavia $#Brassel $#Bresla $#Wratislava $#Smirna $#Breslavia $#Wroclaw $74008216-7 $8--Tg1--Breslau $x02 $9085014184
244Z/01 $2Trx $#keeleteadus $#kalbotyra $#Linguistics $#nyelvtudomány $#językoznawstwo $#jazykoveda $#jazykověda $#Linguistik $#lingvistika $8--Trx--Sprachwissenschaft $x03 $939137124X
244Z/01 $2Trx $8--Trx--Zeitschriftenaufsatz $x04 $9391384341
247C/01 $82080>Marburg/Lahn, Herder-Institut, Forschungsbibliothek, Bibliographieportal $9336309341
| LEADER | 00000caa a22000002c 4500 | ||
|---|---|---|---|
| 001 | 394657950 | ||
| 003 | DE-603 | ||
| 005 | 20190712161347.0 | ||
| 007 | tu | ||
| 008 | 161112s1994 xx |||| | u00||u|pol c | ||
| 035 | |a (DE-599)HEB394657950 | ||
| 040 | |a DE-603 |b ger |c DE-603 |d DE-603 | ||
| 041 | |a pol | ||
| 084 | |a 7,11 |a 7,39 |2 ssgn | ||
| 084 | |a LING |q DE-30 |2 fid | ||
| 100 | 1 | |a Obara, Jerzy | |
| 245 | 0 | 0 | |a Z badań nad żargonem uczniowskim wrocławskich szkół podstawowych i średnich |
| 246 | 0 | 1 | |i Parallelt. |a Aus der Forschung über den Schülerjargon der Breslauer Grund- und Mittelschulen |
| 246 | 1 | 3 | |a Aus der Forschung über den Schülerjargon der Breslauer Grund- und Mittelschulen |
| 264 | 0 | |c 1994 | |
| 773 | 0 | 8 | |i In |a Wrocławskie Towarzystwo Naukowe. Komisja Językowa |t Rozprawy Komisji Językowej |d Wrocław [u.a.] : Państw. Wydawn. Naukowe, 1959-2015 |x 0084-2990 |g Band 20 (1994), Seite 97-111 |w (DE-603)047286199 |w (DE-600)205639-2 |
| 924 | 0 | |9 2080 |a (DE-603)790768445 |b DE-2080 |c HES |d d |g / | |


